The black dahlia /

Bibliographic Details
Main Author: Ellroy, James, 1948-
Format: Book
Language:English
Published: New York : Mysterious Press, [1987]

MARC

Tag First Indicator Second Indicator Subfields
LEADER 00000cam a2200000 a 4500
001 in00000010576
005 20210707163657.0
008 870325s1987 nyu 00011 eng
010 |a  87007952  
020 |a 0892962062 
035 |a (OCoLC)15517895 
035 |9 AAA2794AM 
040 |a DLC  |c DLC  |d TXA  |d UtOrBLW 
049 |a TXAM  |c [A12629702] 
050 0 0 |a PS3555.L6274  |b B53 1987 
082 0 |a 813/.54  |2 19 
100 1 |a Ellroy, James,  |d 1948- 
245 1 4 |a The black dahlia /  |c James Ellroy. 
264 1 |a New York :  |b Mysterious Press,  |c [1987] 
264 4 |c ©1987 
300 |a 325 pages ;  |c 24 cm. 
336 |a text  |b txt  |2 rdacontent 
337 |a unmediated  |b n  |2 rdamedia 
338 |a volume  |b nc  |2 rdacarrier 
500 |a The Cushing Library/Basbanes Collection copy ia part of the Nicholas A. Basbanes Collection of Inscribed Books. 
948 |a cataloged  |b h  |c 2021/07/07  |d c  |e awday 
999 |a MARS 
999 f f |s 0ee49f5f-00be-3e83-8d7e-5ccc6cc2b27e  |i 0f3f1c96-fbcd-35db-add5-6caa3425de83  |t 0 
952 f f |p normal  |a Texas A&M University  |b College Station  |c Sterling C. Evans Library  |s Evans stk  |d Evans: Library Stacks  |t 0  |e PS3555.L6274 B53 1987  |h Library of Congress classification  |i unmediated -- volume  |m A14812629702 
998 f f |a PS3555.L6274 B53 1987  |t 0  |l Evans: Library Stacks